000 01050nam a2200337 a 4500
001 000563
003 DO-SdBPM
005 20250828090435.0
007 ta
008 090819s2003 2019 xx a gr 000 f
020 _a9781328707352
040 _aDO-SdBPM
_bspa
_cBPMSU
_erda
_drda
041 _h
082 4 _a741.5
_bM647c 2019
_222
100 1 _aMiller, Kaila.
_d
_eautor
245 1 0 _aClick /
_cKaila Miller
250 _a
260 _b
_c
264 _aBoston, New York :
_b Houghton Mifflin Harcourt.
_c2019
300 _a191 páginas :
_bilustraciones a colo ;
_c20 cm.
336 _atexto
_btxt
_2rdacontent
337 _asin mediación
_bn
_2rdamediacion
338 _avolumen
_bnc
_2 rdacarrier
500 _aTiras cómicas en inglés
590 _aInventariado, 2025/VM
650 7 _aNovela gráfica.
_v
650 7 _aPsicología del adolescente
_xTiras cómicas, historietas, etc
650 7 _aAmistad
_xTiras cómicas, historietas, etc.
_v
910 _aVMateo V. Control de calidad BPMSU
942 _2ddc
_cBK
999 _c15354
_d15354